000 00451nam a2200181Ia 4500
001 21490
005 20260306172923.0
008 260306t2016||||xx |||||||||||||| ||spa||
041 _aESP
082 _a345.1C6
_bL39 2015 V. 1
100 _aInstituto legales
_eAUT
245 0 _aNuevo código procesal penal comentado
260 _c2016
300 _axxii, 920 páginas :
_c20 cm.
650 _aGEN
654 _aCDE
942 _cLIB
_dJUS
_fJUS
_2ddc
_n
999 _c21490
_d21490